| 000 | 00396cam a2200169ua 4500 | ||
|---|---|---|---|
| 001 | 4770 | ||
| 008 | 060101n II |||gr||||Z||||||eng | ||
| 040 | _aMAIN | ||
| 041 | _aEnglish | ||
| 082 | _a822 STA | ||
| 100 | _aSTANFORD, MAURICE (ED./-). | ||
| 245 | _aSIX ONE ACT PLAYS | ||
| 260 |
_aNEW DELHI: _bORIENT LONGMAN., _c1997. |
||
| 300 |
_a159: _c21CM. |
||
| 653 | _aEnglish drama | ||
| 942 | _cBK | ||
| 999 |
_c4757 _d4757 |
||